MARC details
| 000 -LÍDER |
| campo de controle de tamanho fixo |
01528naa a22004097a 4500 |
| 001 - NÚMERO DE CONTROLE |
| campo de controle |
BR7602691 |
| 003 - IDENTIFICADOR DO NÚMERO DE CONTROLE |
| campo de controle |
BR-BrBNA |
| 005 - DATA E HORÁRIO DA ÚLTIMA TRANSAÇÃO |
| campo de controle |
20240918173843.0 |
| 007 - CAMPO FIXO DE DESCRIÇÃO FÍSICA--INFORMAÇÃO GERAL |
| campo de controle de tamanho fixo |
ta |
| 008 - CAMPO DE DADOS FIXOS--INFORMAÇÃO GERAL |
| campo de controle de tamanho fixo |
230509b bl.||||| |||| 00| 0 por d |
| 040 ## - FONTE DA CATALOGAÇÃO |
| Instituição da catalogação original |
BR-BrBNA |
| Idioma da catalogação |
por |
| Instituição que transcreveu o registro |
Biblioteca Nacional de Agricultura |
| 041 ## - CÓDIGO DE IDIOMA |
| Código do idioma do texto/trilha sonora ou título diferente |
(Pt) |
| 072 ## - CÓDIGO DE CATEGORIA DE ASSUNTO |
| Código de Categoria de Assunto |
L36; L74 |
| Código do objeto |
5200 |
| -- |
3750 |
| -- |
G302 |
| 090 ## - NÚMERO DE CHAMADA LOCAL |
| Número de chamada |
L36 BR7602691 |
| 100 1# - ENTRADA PRINCIPAL--NOME PESSOAL |
| Nome pessoal |
Fick, K.R. |
| 100 1# - ENTRADA PRINCIPAL--NOME PESSOAL |
| Nome pessoal |
McDowell, L.R. |
| 100 1# - ENTRADA PRINCIPAL--NOME PESSOAL |
| Nome pessoal |
Houser, R.H. |
| 100 1# - ENTRADA PRINCIPAL--NOME PESSOAL |
| Nome pessoal |
Silva, H.M. |
| 111 1# - ENTRADA PRINCIPAL--NOME DO EVENTO |
| Nome do evento ou lugar |
Seminario Latino-Americano sobre Pesquisa em Nutricao Mineral de Ruminantes em Pastagens |
| Local do evento |
Belo Horizonte, MG (Brazil) |
| Data do evento ou assinatura do tratado |
22 Mar 1976 |
| 245 1# - TÍTULO |
| Título |
Atual situacao da pesquisa de minerais na America Latina [Nutricao animal; Disturbio animal] |
| 260 3# - PUBLICAÇÃO, DISTRIBUIÇÃO, ETC. |
| Local de publicação, distribuição, etc. |
Belo Horizonte, MG (Brasil): |
| Data da publicação, distribuição, etc. |
1976. |
| 500 ## - NOTA GERAL |
| Nota geral |
Simposio Latino-Americano sobre Pesquisa em Nutricao Mineral de Ruminantes em Pastagens<br/>Belo Horizonte, MG (Brasil): 1976. p. 261-297<br/>(BR7602691-AM)L36<br/> |
| 650 ## - ASSUNTO--TERMO TÓPICO |
| Cabeçalho tópico ou nome geográfico |
Composicao de alimento |
| 650 ## - ASSUNTO--TERMO TÓPICO |
| Cabeçalho tópico ou nome geográfico |
Disturbio animal |
| 650 ## - ASSUNTO--TERMO TÓPICO |
| Cabeçalho tópico ou nome geográfico |
Ruminante |
| 650 ## - ASSUNTO--TERMO TÓPICO |
| Cabeçalho tópico ou nome geográfico |
Microelemento |
| 650 ## - ASSUNTO--TERMO TÓPICO |
| Cabeçalho tópico ou nome geográfico |
Nutricao animal |
| 650 ## - ASSUNTO--TERMO TÓPICO |
| Cabeçalho tópico ou nome geográfico |
Nutriente mineral |
| 650 ## - ASSUNTO--TERMO TÓPICO |
| Cabeçalho tópico ou nome geográfico |
Pastagem |
| 650 ## - ASSUNTO--TERMO TÓPICO |
| Cabeçalho tópico ou nome geográfico |
Bovino |
| 650 ## - ASSUNTO--TERMO TÓPICO |
| Cabeçalho tópico ou nome geográfico |
Suplemento mineral |
| 650 ## - ASSUNTO--TERMO TÓPICO |
| Cabeçalho tópico ou nome geográfico |
Deficiencia mineral |
| 650 ## - ASSUNTO--TERMO TÓPICO |
| Cabeçalho tópico ou nome geográfico |
America Latina |
| 773 0# - ENTRADA ANALÍTICA |
| Título |
Simposio Latino-Americano sobre Pesquisa em Nutricao Mineral de Ruminantes em Pastagens |
| Número de controle do registro |
L36 BR7602691 |
| Partes relacionadas |
Belo Horizonte, MG (Brasil), 1976. p. 261-297 |
| 909 ## - |
| -- |
202404 |
| -- |
Lucia |
| -- |
55 |
| -- |
Lucia Elande |
| 942 ## - ELEMENTOS DE ENTRADA ADICIONADOS (KOHA) |
| Tipo de material Koha |
Capítulo-Livro |
| Fonte da classificação ou esquema de arquivamento na estante |
Classificação AGRIS |